Normal view
MARC view
Entry Personal Name
001 - CONTROL NUMBER
- control field: 158673
003 - CONTROL NUMBER IDENTIFIER
- control field: OSt
005 - DATE AND TIME OF LATEST TRANSACTION
- control field: 20220923211135.0
008 - FIXED-LENGTH DATA ELEMENTS
- fixed length control field: 220923|| aca||aabn | a|a d
040 ## - CATALOGING SOURCE
- Original cataloging agency: OSt
- Transcribing agency: OSt
100 ## - HEADING--PERSONAL NAME
- Personal name: शास्त्री, परममित्र; पाण्डेय, रमानाथ, संपा
670 ## - SOURCE DATA FOUND
- Source citation: Work cat.: (OSt)295855: शास्त्री, परममित्र; पाण्डेय, रमानाथ, संपा., हेमचन्द्र के अपभ्रंश सूत्रों की पृष्ठभूमि, 1999
